<?xml version="1.0" encoding="UTF-8"?>
<record
    xmlns:xsi="http://www.w3.org/2001/XMLSchema-instance"
    xsi:schemaLocation="http://www.loc.gov/MARC21/slim http://www.loc.gov/standards/marcxml/schema/MARC21slim.xsd"
    xmlns="http://www.loc.gov/MARC21/slim">

  <leader>01084nam a22002297a 4500</leader>
  <controlfield tag="005">20231127102802.0</controlfield>
  <controlfield tag="008">231127b           ||||| |||| 00| 0 eng d</controlfield>
  <datafield tag="020" ind1=" " ind2=" ">
    <subfield code="a">9789383765423</subfield>
  </datafield>
  <datafield tag="040" ind1=" " ind2=" ">
    <subfield code="c">AL</subfield>
  </datafield>
  <datafield tag="041" ind1=" " ind2=" ">
    <subfield code="a">kan</subfield>
  </datafield>
  <datafield tag="082" ind1=" " ind2=" ">
    <subfield code="2">23</subfield>
    <subfield code="a">398.2K</subfield>
    <subfield code="b">BALY</subfield>
  </datafield>
  <datafield tag="100" ind1=" " ind2=" ">
    <subfield code="a">Sampoornananda Balkuru: &#xCB8;&#xC82;&#xCAA;&#xCC2;&#xCB0;&#xCCD;&#xCA3;&#xCBE;&#xCA8;&#xC82;&#xCA6; &#xCAC;&#xCB2;&#xCCD;&#xC95;&#xCC2;&#xCB0;&#xCC1;  </subfield>
    <subfield code="9">143481</subfield>
  </datafield>
  <datafield tag="245" ind1=" " ind2=" ">
    <subfield code="a">Yakshamrata: Amrata Someshwarara Yakshagana Prasangagala Vishleshane:</subfield>
    <subfield code="b">&#xCAF;&#xC95;&#xCCD;&#xCB7;&#xCBE;&#xCAE;&#xCC3;&#xCA4;: &#xC85;&#xCAE;&#xCC3;&#xCA4; &#xCB8;&#xCCB;&#xCAE;&#xCC7;&#xCB6;&#xCCD;&#xCB5;&#xCB0;&#xCB0; &#xCAF;&#xC95;&#xCCD;&#xCB7;&#xC97;&#xCBE;&#xCA8; &#xCAA;&#xCCD;&#xCB0;&#xCB8;&#xC82;&#xC97;&#xC97;&#xCB3; &#xCB5;&#xCBF;&#xCB6;&#xCCD;&#xCB2;&#xCC7;&#xCB7;&#xCA3;&#xCC6; </subfield>
  </datafield>
  <datafield tag="260" ind1=" " ind2=" ">
    <subfield code="a">Mangaluru</subfield>
    <subfield code="b">Prasaranga Mangalore University</subfield>
    <subfield code="c">2016</subfield>
  </datafield>
  <datafield tag="300" ind1=" " ind2=" ">
    <subfield code="a">xviii,324p.</subfield>
    <subfield code="b">PB</subfield>
    <subfield code="c">21x14cm.</subfield>
  </datafield>
  <datafield tag="365" ind1=" " ind2=" ">
    <subfield code="2">Kannada</subfield>
    <subfield code="a">063-65</subfield>
    <subfield code="b">163.00</subfield>
    <subfield code="c">&#x20B9;</subfield>
    <subfield code="d">325.00</subfield>
    <subfield code="e">50%</subfield>
    <subfield code="f">23-11-2023</subfield>
  </datafield>
  <datafield tag="650" ind1=" " ind2=" ">
    <subfield code="a">Folklore: &#xC9C;&#xCBE;&#xCA8;&#xCAA;&#xCA6; </subfield>
    <subfield code="9">143473</subfield>
  </datafield>
  <datafield tag="650" ind1=" " ind2=" ">
    <subfield code="a">Yakshagana: &#xCAF;&#xC95;&#xCCD;&#xCB7;&#xC97;&#xCBE;&#xCA8; </subfield>
    <subfield code="9">143474</subfield>
  </datafield>
  <datafield tag="700" ind1=" " ind2=" ">
    <subfield code="a">BALKURU (Sampoornananda): &#xCAC;&#xCB2;&#xCCD;&#xC95;&#xCC2;&#xCB0;&#xCC1; (&#xCB8;&#xC82;&#xCAA;&#xCC2;&#xCB0;&#xCCD;&#xCA3;&#xCBE;&#xCA8;&#xC82;&#xCA6;)</subfield>
    <subfield code="9">143475</subfield>
  </datafield>
  <datafield tag="700" ind1=" " ind2=" ">
    <subfield code="a">KUMBLE (Dhananjaya): &#xC95;&#xCC1;&#xC82;&#xCAC;&#xCCD;&#xCB3;&#xCC6; (&#xCA7;&#xCA8;&#xC82;&#xC9C;&#xCAF;) Ed</subfield>
    <subfield code="9">143477</subfield>
  </datafield>
  <datafield tag="942" ind1=" " ind2=" ">
    <subfield code="2">ddc</subfield>
    <subfield code="c">BK</subfield>
  </datafield>
  <datafield tag="999" ind1=" " ind2=" ">
    <subfield code="c">229315</subfield>
    <subfield code="d">229315</subfield>
  </datafield>
  <datafield tag="952" ind1=" " ind2=" ">
    <subfield code="0">0</subfield>
    <subfield code="1">0</subfield>
    <subfield code="2">ddc</subfield>
    <subfield code="4">0</subfield>
    <subfield code="7">0</subfield>
    <subfield code="8">KAN</subfield>
    <subfield code="a">AL</subfield>
    <subfield code="b">AL</subfield>
    <subfield code="d">2023-11-24</subfield>
    <subfield code="e">Prasaranga Mangalore University</subfield>
    <subfield code="g">162.50</subfield>
    <subfield code="l">0</subfield>
    <subfield code="o">398.2K BALY</subfield>
    <subfield code="p">076960</subfield>
    <subfield code="r">2023-11-27 00:00:00</subfield>
    <subfield code="v">325.00</subfield>
    <subfield code="w">2023-11-27</subfield>
    <subfield code="y">BK</subfield>
  </datafield>
</record>
